000
002480000a22000970004500
100
1
_a
Burkhardt, Helmut
245
1
0
_a
Christian salvation in relation to hinduism
300
_a
Vol. 13, Núm 2 (1995), Páginas 44-47
773
0
_t
Evangel
942
_c
ANA
999
_c
54212
_d
54212